| 000 | 01648nam0a2200325 i 4500 | ||
|---|---|---|---|
| 001 | RU\NLR\BIBL_A\011478513 | ||
| 005 | 20260407131946.0 | ||
| 010 |
_a9785905089190 _9200 |
||
| 021 |
_aRU _b2017-63338 _94489 |
||
| 035 | _a(RuMoRGB)009372334 | ||
| 035 | _a(NLR Aleph) 011478513 | ||
| 090 |
_a11887603 _c11887603 |
||
| 100 | _a20170926d2015 km y0rusy50 ca | ||
| 101 | 0 | _arus | |
| 102 | _aRU | ||
| 105 | _aac||z|||000zy | ||
| 200 | 1 |
_aТатары и ислам в регионах Российской Федерации: современная этноконфессиональная ситуация _fИнститут истории им. Ш. Марджани Академии наук Республики Татарстан, Центр этносоциологических исследований ИИ АН РТ _g[редакционная коллегия: Р. Н. Мусина (отв. ред.) и др.]] |
|
| 210 |
_aКазань _cАртифакт _d2015 |
||
| 215 |
_a283 с., [6] л. цв. ил., портр. _d21 |
||
| 320 | _aБиблиогр. в подстроч. примеч. | ||
| 606 | 1 |
_aИслам _jСборники _xТатары _yРоссийская Федерация _92267593 _3RU\NLR\AUTH\6601588603 |
|
| 686 | 2 | _aЭ38-39(2)я43 | |
| 702 | 1 |
_aМусина _bР. Н. _gРозалинда Нуриевна _4340 |
|
| 712 | 0 | 2 |
_4570 _aИнститут истории им. Ш. Марджани _cКазань _3RU\NLR\AUTH\889989209 _9473926 |
| 942 | _cBOOK | ||
| 980 | _aNBR | ||